000
00360nam a22001577a 4500
003
MPLRDC
005
20220104114653.0
008
210129b ||||| |||| 00| 0 eng d
082
_a
290.7 XDX
100
_a
萧德宣编
245
_a
命和运新论
_c
260
_a
_b
同兴出版社
_c
300
_b
平
650
_a
术数总论
942
_c
BK
_o
290.7 XDX
999
_c
9301
_d
9291